Hoop dreams / by Max Marino ; illustrated by Román ... Read More
Available copies
- 1 of 2 copies available at LARL/NWRL Consortium.
- 1 of 2 copies available at Lake Agassiz Regional Library. (Show preferred library)
Current holds
0 current holds with 2 total copies.
Show Only Available Copies
| Location | Call Number / Copy Notes | Barcode | Shelving Location | Status | Due Date |
|---|---|---|---|---|---|
| Ada Public Library | J MAR (Text) | 33500014348536 | New | Available | - |
| Fertile Public Library | J MAR (Text) | 33500014348544 | New | Checked out | 05/28/2026 |
Record details
- ISBN: 9798765660560
- ISBN: 9798765660607
- Physical Description: pages cm.
- Publisher: Minneapolis : Lerner Publications, 2026.
Content descriptions
| Summary, etc.: | Petite Beatriz tries to convince her brother, and ... Read More |
| Target Audience Note: | Ages 8-11. Lerner Publications. Grades 2-3. Lerner Publications. |
Search for related items by subject
| Genre: | Sports fiction. |
Search for related items by series
| LDR | 02139cam a22005418i 4500 | ||
|---|---|---|---|
| 001 | 482896 | ||
| 003 | LARL_NWRL_CONSORTIUM | ||
| 005 | 20260317212322.0 | ||
| 008 | 250314s2026 mnu b 000 1 eng | ||
| 010 | . | ‡a 2025004239 | |
| 040 | . | ‡aDLC ‡beng ‡erda ‡cDLC ‡dOCLCO ‡dIG# ‡dBDX ‡dYDX ‡dNZAUC ‡dOCLCO | |
| 020 | . | ‡a9798765660560 ‡q(library binding) | |
| 020 | . | ‡a9798765660607 ‡q(paperback) | |
| 020 | . | ‡z9798765696545 ‡q(epub) | |
| 035 | . | ‡a(OCoLC)1507843138 | |
| 042 | . | ‡apcc | |
| 082 | 0 | 0. | ‡a[Fic] ‡223 |
| 100 | 1 | . | ‡aMarino, Max, ‡d1976- ‡eauthor. |
| 245 | 1 | 0. | ‡aHoop dreams / ‡cby Max Marino ; illustrated by Román Diaz. |
| 264 | 1. | ‡aMinneapolis : ‡bLerner Publications, ‡c2026. | |
| 300 | . | ‡apages cm. | |
| 336 | . | ‡atext ‡btxt ‡2rdacontent | |
| 336 | . | ‡astill image ‡bsti ‡2rdacontent | |
| 337 | . | ‡aunmediated ‡bn ‡2rdamedia | |
| 338 | . | ‡avolume ‡bnc ‡2rdacarrier | |
| 385 | . | ‡nage ‡aChildren ‡0(DLC) dg2015060010 ‡2lcdgt | |
| 490 | 0 | . | ‡aLerner sports stories |
| 520 | . | ‡aPetite Beatriz tries to convince her brother, and new coach of her basketball team, that heart beats height. | |
| 521 | . | ‡aAges 8-11. ‡bLerner Publications. | |
| 521 | . | ‡aGrades 2-3. ‡bLerner Publications. | |
| 650 | 0. | ‡aBasketball ‡vChildren's fiction. | |
| 650 | 0. | ‡aBasketball players ‡vChildren's fiction. | |
| 650 | 0. | ‡aSiblings ‡vChildren's fiction. | |
| 650 | 0. | ‡aStature ‡vChildren's fiction. | |
| 650 | 0. | ‡aDetermination (Personality trait) in children ‡vChildren's fiction. | |
| 650 | 1. | ‡aBasketball ‡vFiction. ‡0(LARL_NWRL_CONSORTIUM)175886 | |
| 650 | 1. | ‡aSize ‡vFiction. | |
| 655 | 7. | ‡aSports fiction. ‡2lcgft | |
| 700 | 1 | . | ‡aDiaz, Román ‡c(Illustrator), ‡eillustrator. ‡1https://id.oclc.org/worldcat/entity/E39PCjGHvFGFDPBXbdHWhWmfMP |
| 776 | 0 | 8. | ‡iOnline version: ‡aMarino, Max, 1976- ‡tHoop dreams ‡dMinneapolis : Lerner Publications, 2026 ‡z9798765696545 ‡w(DLC) 2025004240 |
| 901 | . | ‡a482896 ‡bAUTOGEN ‡c482896 ‡tbiblio | |

Add to basket
Permalink
Enable Highlighting